000 00589cam a2200145 4500500
005 20260208002441.0
041 _afre
042 _adc
100 1 0 _aMasset, Claude
_eauthor
245 0 0 _aChristine Guillebaud, Le Chant des serpents. Musiciens itinérants du Kerala, PARIS, Cnrs Éd., 2008, 383 p., bibl., discogr., filmogr., gloss., ill., fig. [cédérom encarté]
260 _c2011.
500 _a42
786 0 _nL'Homme | 198-199 | 2 | 2011-07-01 | p. 367zd-454zd | 0439-4216
856 4 1 _uhttps://shs.cairn.info/revue-l-homme-2011-2-page-367zd?lang=fr&redirect-ssocas=7080
999 _c1646426
_d1646426